1 Billion streams club : Fleetwood Mac - Statistics

General Stats
  • This quiz has been taken 10 times
  • The average score is 3 of 5
Answer Stats
Album Song Streams % Correct
Rumours Dreams 2.7B
100%
Tango in the Night Everywhere 1.4B
67%
Rumours The Chain 1.7B
67%
Rumours Go Your Own Way 1.4B
56%
Fleetwood Mac Landslide 1.1B
56%
No matching quizzes found
Score Distribution
Percent of People with Each Score
Percentile by Number Answered
Your Score History
You have not taken this quiz